Analýza finančnej situácie podniku na základe pomerových ukazovateľov - praktický príklad
Analýza finančnej situácie podniku - spoločnosti ABC, s.r.o. - na základe vybraných pomerových ukazovateľov. Príklad použitia a interpretácie pomerových ukazovateľov. Zmyslom pomerovej analýzy nie je vybrať čo najväčší počet ukazovateľov, ale voľba takého súboru ukazovateľov, na základe ktorého bude...
Salvato in:
| Autore principale: | |
|---|---|
| Altri autori: | |
| Natura: | Capitolo di libro |
| Lingua: | slovacco |
| Soggetti: | |
| Tags: |
Nessun Tag, puoi essere il primo ad aggiungerne!!
|
MARC
| LEADER | 00000naa a2200000 4500 | ||
|---|---|---|---|
| 001 | 0201973 | ||
| 005 | 20231114104212.2 | ||
| 041 | 0 | |a slo | |
| 044 | |a SK | ||
| 245 | 1 | 0 | |a Analýza finančnej situácie podniku na základe pomerových ukazovateľov - praktický príklad |c Viera Bartošová, Martina Paliderová |
| 520 | |a Analýza finančnej situácie podniku - spoločnosti ABC, s.r.o. - na základe vybraných pomerových ukazovateľov. Príklad použitia a interpretácie pomerových ukazovateľov. Zmyslom pomerovej analýzy nie je vybrať čo najväčší počet ukazovateľov, ale voľba takého súboru ukazovateľov, na základe ktorého bude možné vytvoriť základný obraz o finančnom zdraví podniku, jeho úspešnosti a stabilite v trhovom prostredí. | ||
| 610 | 2 | 0 | |a podnik |
| 610 | 2 | 0 | |a analýza finančná |
| 610 | 2 | 0 | |a ukazovatele pomerové |
| 610 | 2 | 0 | |a likvidita podniku |
| 610 | 2 | 0 | |a rentabilita podniku |
| 100 | 1 | |a Bartošová, Viera | |
| 700 | 1 | |a Paliderová, Martina | |